Papelucho: mi hermano hippie

Saved in:
Bibliografiske detaljer
Hovedforfatter: Paz, Marcela (autora)
Format: Bog
Sprog:spansk
Udgivet: Santiago Universitaria 1992
Udgivelse:19a. ed
Fag:
Tags: Tilføj Tag
Ingen Tags, Vær først til at tagge denne postø!

MARC

LEADER 00000nam a2200000 a 4500
001 UCH4003
003 CL-VaPUC
008 090818e19920000CL |||||||||||||||||spa|d
082 0 4 |a Ch863  |b PAZ  |2 21 
100 |a Paz, Marcela  |e autora  |9 881017 
245 1 0 |a Papelucho: mi hermano hippie 
250 |a 19a. ed 
300 |a 127 p 
942 |c BK 
945 |d 20090818 00:00:00  |a lazolas 
260 |a Santiago  |b Universitaria  |c 1992 
650 0 |a Novelas chilenas   |9 265425 
583 |a last modification  |c 20160520 16:16:54  |k Rodrigo Vera 
999 |c 335370  |d 335368